Siegfried Wenzel, Beyond the Sermo modernus. Sermon Form in Early Fifteenth-Century England, Toronto, Pontifical Institute of Medieval Studies, 2021 ; 1 vol., 282 p. (Studies and Texts, 222). ISBN : 978-0-88844-222-2. Prix : USD 95,00 (notice n° 1603873)
[ vue normale ]
| 000 -LEADER | |
|---|---|
| fixed length control field | 00676cam a2200145 4500500 |
| 005 - DATE AND TIME OF LATEST TRANSACTION | |
| control field | 20251228092912.0 |
| 041 ## - LANGUAGE CODE | |
| Language code of text/sound track or separate title | fre |
| 042 ## - AUTHENTICATION CODE | |
| Authentication code | dc |
| 100 10 - MAIN ENTRY--PERSONAL NAME | |
| Personal name | Mazour-Matusevich, Yelena |
| Relator term | author |
| 245 00 - TITLE STATEMENT | |
| Title | Siegfried Wenzel, Beyond the Sermo modernus. Sermon Form in Early Fifteenth-Century England, Toronto, Pontifical Institute of Medieval Studies, 2021 ; 1 vol., 282 p. (Studies and Texts, 222). ISBN : 978-0-88844-222-2. Prix : USD 95,00 |
| 260 ## - PUBLICATION, DISTRIBUTION, ETC. | |
| Date of publication, distribution, etc. | 2023.<br/> |
| 500 ## - GENERAL NOTE | |
| General note | 67 |
| 786 0# - DATA SOURCE ENTRY | |
| Note | Le Moyen Age | CXXVIII | 3 | 2023-04-11 | p. 759zzr-879zzr | 0027-2841 |
| 856 41 - ELECTRONIC LOCATION AND ACCESS | |
| Uniform Resource Identifier | <a href="https://shs.cairn.info/revue-le-moyen-age-2022-3-page-759zzr?lang=fr&redirect-ssocas=7080">https://shs.cairn.info/revue-le-moyen-age-2022-3-page-759zzr?lang=fr&redirect-ssocas=7080</a> |
Pas d'exemplaire disponible.




Réseaux sociaux